000 00573nam a2200193Ia 4500
008 151119s9999||||xx |||||||||||||| ||und||
082 _a891.462
082 _bGKKV383
100 _aकोल्हाट
245 _aदुरितांचे तिमिर जावो
260 _a--
260 _b--
260 _c1969
600 _aकोल्हाट
630 _aदुरितांचे तिमिर जावो
700 _aकोल्हाट
730 _aदुरितांचे तिमिर जावो
942 _cBOOK
999 _c1057187
_d1057184